000 00429nam a2200181Ia 4500
001 20610
005 20260306172818.0
008 260306t2016||||xx |||||||||||||| ||spa||
041 _aESP
082 _a343.5
_bB61
100 _aBlancas Bustamante, Carlos
_eAUT
245 0 _aDerecho electoral peruano
260 _c2016
300 _a320 páginas :
_c20 cm.
650 _aGEN
654 _aCDE
942 _cLIB
_dJUS
_fJUS
_2ddc
_n
999 _c20610
_d20610